12 mois en 15 secondes : mai - Statistiques

Statistiques générales
  • Ce quiz a été pris 401 fois
  • Le résultat moyen est 14 sur 15
Statistiques - réponses
Mai % Correct
Mai
100%
Mai
99%
Mai
97%
Mai
96%
Mai
95%
Mai
95%
Mai
93%
Mai
92%
Mai
91%
Mai
89%
Mai
88%
Mai
86%
Mai
82%
Mai
80%
Mai
75%
Aucun quiz correspondant
Distribution des résultats
% des personnes avec chaque résultat
Percentile par nombre de réponses
Votre historique - résultats
Vous n’avez pas pris ce quiz